[Event "Wch U12 Girls"]
[Site "Vung Tau"]
[Date "2008.10.30"]
[Round "11"]
[White "Styazhkina, Anna"]
[Black "Priadarshni, Mohan Roy"]
[Result "1-0"]
[WhiteElo "1907"]
[BlackElo "1449"]
[PlyCount "48"]
[EventDate "2008.10.20"]
[EventType "swiss"]
[EventRounds "11"]
[EventCountry "VIE"]
[SourceTitle "EXT 2009"]
[Source "ChessBase"]
[SourceDate "2008.11.26"]
[SourceVersion "1"]
[SourceVersionDate "2008.11.26"]
[SourceQuality "1"]

1. e4 d6 2. d4 Nf6 3. Nc3 g6 4. Be3 c6 5. h3 b5 6. e5 Nfd7 7. exd6 exd6 8. d5 b4 9. Qd4 bxc3 10. Qxh8 cxb2 11. Qxb2 Qa5+ 12. Bd2 Qxd5 13. 0-0-0 Na6 14. Re1+ Kd8 15. Qa3 h5 16. Qa5+ Qxa5 17. Bxa5+ Nb6 18. Nf3 f6 19. Nd4 Kc7 20. Ne6+ Bxe6 21. Rxe6 f5 22. Bxa6 Bh6+ 23. Kb1 Kd7 24. Rhe1 Rb8 1-0

[Event "Wch U12 Girls"]
[Site "Vung Tau"]
[Date "2008.10.28"]
[Round "9"]
[White "Jain, Radha"]
[Black "Priadarshni, Mohan Roy"]
[Result "1-0"]
[WhiteElo "1806"]
[BlackElo "1449"]
[PlyCount "69"]
[EventDate "2008.10.20"]
[EventType "swiss"]
[EventRounds "11"]
[EventCountry "VIE"]
[SourceTitle "EXT 2009"]
[Source "ChessBase"]
[SourceDate "2008.11.26"]
[SourceVersion "1"]
[SourceVersionDate "2008.11.26"]
[SourceQuality "1"]

1. d4 Nf6 2. Nf3 g6 3. Nc3 Bg7 4. e4 d6 5. Be3 c6 6. Qd2 b5 7. Bd3 Nbd7 8. Bh6 0-0 9. h4 Bb7 10. h5 e5 11. Bxg7 Kxg7 12. hxg6 fxg6 13. Qh6+ Kg8 14. Ng5 Qe7 15. d5 cxd5 16. exd5 b4 17. Bxg6 bxc3 18. Bxh7+ Nxh7 19. Qg6+ Qg7 20. Qe6+ Rf7 21. Rxh7 Qf6 22. Rxf7 Qxe6 23. dxe6 cxb2 24. Rb1 Nc5 25. e7 Bd5 26. Rf6 Na4 27. Rg6+ Kh8 28. Rxd6 Kg7 29. Rxd5 Nc3 30. Rd8 Nxb1 31. Rxa8 Na3 32. Rb8 b1Q+ 33. Rxb1 Nxb1 34. e8Q Kf6 35. Nh7+ 1-0

[Event "Wch U12 Girls"]
[Site "Vung Tau"]
[Date "2008.10.21"]
[Round "2"]
[White "Kakhramonova, Mokhinur"]
[Black "Priadarshni, Mohan Roy"]
[Result "1/2-1/2"]
[WhiteElo "1874"]
[BlackElo "1449"]
[PlyCount "67"]
[EventDate "2008.10.20"]
[EventType "swiss"]
[EventRounds "11"]
[EventCountry "VIE"]
[SourceTitle "EXT 2009"]
[Source "ChessBase"]
[SourceDate "2008.11.26"]
[SourceVersion "1"]
[SourceVersionDate "2008.11.26"]
[SourceQuality "1"]

1. d4 Nf6 2. c4 g6 3. Nc3 Bg7 4. e4 d6 5. Nf3 0-0 6. Be2 e5 7. dxe5 dxe5 8. Bg5 Nbd7 9. 0-0 c6 10. Qc2 Qc7 11. Rfd1 h6 12. Be3 Ng4 13. Bd2 Nb6 14. h3 Nf6 15. c5 Nbd7 16. Be3 Re8 17. b4 b6 18. Na4 Bf8 19. Rac1 b5 20. Nc3 a5 21. a3 axb4 22. axb4 Bb7 23. Nxb5 cxb5 24. c6 Qxc6 25. Qxc6 Bxc6 26. Rxc6 Bxb4 27. Bxb5 Reb8 28. Be2 Kg7 29. g4 Rc8 30. Rxc8 Rxc8 31. g5 hxg5 32. Bxg5 Nc5 33. Nxe5 Nfxe4 34. Be3 1/2-1/2